Quizzes
Events
Quiz Creation
Community
Videos
Private Events
Remove Ads
Sign In
Join for FREE
Feedback
Dark Mode
Quiz Categories
Sports
Geography
Music
Movies
Television
Just For Fun
Miscellaneous
History
Literature
Language
Science
Gaming
Entertainment
Religion
Holiday
For Kids
Quiz Lab
Recent
Popular Today
Quiz Kudos Today
Editor Picks
Curator Picks
Quizzes by...
Day
Popularity
Type
Ratings
Length
Year
Community
Subscriptions
Recent Discussions
Orange Saloon
Badges
Playlists
Quests
Create
Leaderboards
Showdown
Live 5
Trivia Bingo
Activity
Puzzle Library
Sporcle Events
Private Events
Virtual Trivia
Globe League
Become a Host
Pub Owners
SporcleCon
Opinionation
Our Games
Videos
Blog
Mobile Apps
Partnerships
Remove Ads and Go Orange
Feedback
Music
Pop Music
The Beatles
Song
Album
Lyrics
Bands
Singers
Artist
Clip
Rock
Rap
Classical
Billboard
Country Music
Kpop
Taylor Swift
Music
Pop Music
The Beatles
Song
Album
Lyrics
Bands
Singers
Artist
Clip
Rock
Rap
Classical
Billboard
Country Music
Kpop
Taylor Swift
Random Quiz
Search Sporcle
×
Quiz Lab
Quiz Lab
Music
Song
Type in answers that appear in a list
Type in answers that appear in a list
Classic
Best Score? Go Orange.
NOW That's what I call music Vol. 2 (US) Stats
Can you name the Tracks from NOW That's what I call music Vol. 2 (US)?
By
ClassicPeg
4m
18 Questions
108 Plays
108 Plays
108 Plays
Comments
Comments
Give Quiz Kudos
Give Quiz Kudos
-
- Ratings
hide this ad
Replay
Link that replays current quiz
Next Quiz
Link to next quiz in quiz playlist
You Got
0%
They Got
Avg Score
36%
Avg Friend Score
Upgrade to see
Score Distribution
Jump to the score distribution portion of the page
Score
0/18
Timer
04:00
0
Plays Today
Artist
Song
% Correct
Britney Spears
...Baby One More Time
78.7%
Semisonic
Closing Time
59.3%
New Radicals
You Get What You Give
58.3%
Fatboy Slim
Praise You (Radio Edit)
47.2%
Sublime
What I Got (Clean Version)
40.7%
Everclear
Father of Mine
38.9%
Jay-
Z
Hard Knock Life (Ghetto Anthem)
38.9%
Robbie Williams
Millenium
38%
Garbage
I Think I'm Paranoid
33.3%
Artist
Song
% Correct
Baz Luhrmann
Everybody's Free (To Wear Sunscreen)
28.7%
U2
Sweetest Thing (The Single Mix)
27.8%
Spice Girls
Goodbye (Single Version)
27.8%
Blackstreet & Mya featuring Mase & Blinky Blink
Take Me There
26.9%
Sheryl Crow
My Favorite Mistake
25.9%
Cake
Never There
25%
98 Degrees
Because of You
24.1%
Backstreet Boys
I'll Never Break Your Heart
15.7%
R. Kelly
When a Woman's Fed Up (Clean Version)
13%
Quiz Playlist
Details
Report
Send in Message
Add To Playlist
Classic:
Type in answers that appear in a list
Last Updated: Feb 16, 2017
Quiz Scoreboard
CHALLENGE
Sign Up to Join the Scoreboard
Show All
Scores
Hide
Comments
May contain spoilers
Recently Published
NBA Finals Game Top Scorers (2010s)
by flibbidy
Sports
5m
Guess the 'R' Things in 3 Words
by MSUKent
Miscellaneous
3m
Actor to Badly Drawn Movie III
by MoMosMoProblems
Movies
5m
More to Explore
Quiz From the Vault
Featured Blog Post
Where Does Lost Luggage Go?
hide this ad
You Might Also Like...
Tags
Artist Quiz
Song Quiz
Call of Duty
track
Vol
Vol 2
Today's Top Quizzes in Music
Browse Music
hide this ad
Today's Top Quizzes in Song
Browse Song
Top Contributed Quizzes in Music
1
Taylor Swift All Songs (2024)
2
Image Sorting: Rock Albums II
3
Image Sorting: Rock Albums III
4
Image Sorting: Rock Albums IV
5
Image Sorting: Rock Albums V
6
Image Sorting: Rock Albums VI
7
Taylor Swift Logic Puzzle
8
Adjectives in 80s Songs
9
Image Sorting: Album Titles
10
Nickname Match: Musicians
Explore More
Trending Topics
Harry Potter
Kpop
Marvel
Crossword
Disney
Anime
NBA
Puzzle
Song
The Office
Country
Soccer
NFL
Pokémon
WWE
hide this ad
More By:
ClassicPeg
Quiz
Plays
Rating
Category
Featured
Created
Ultimate Mean Girls Quiz
18,192
3.07
Movies
May 22, 2010
Buffy the Vampire Slayer Characters
1,461
1.77
Television
Oct 19, 2009
100 Greatest Comedians
856
2.86
Entertainment
Nov 5, 2009
Diseases of Land Before Time dinosaurs
711
3.29
Movies
Feb 23, 2010
NOW That's what I call music (US)
194
2.40
Music
Oct 18, 2009
Go to Creator's Profile
Score Distribution
Quiz Creator Spotlight
ClassicPeg
Follow
Send a Message
Quizzes Created
-
Created Quiz Play Count
-
More By This Creator
Popular Quizzes Today
1
Find the US States - No Outlines Minefield
2
Find the US States
3
The Countries of the World
4
10 Largest US States in Order
5
Find the Countries of Europe - No Outlines Minefield
6
US States
7
Guess the 'R' Things in 3 Words
8
NBA Finals Game Top Scorers (2010s)
More Music Quizzes
Songs with over 100 Million Spotify Streams #5 (Clip)
Quiz Lab
Trending Quizzes
First Name TV: Leading Men
Match the Book to the Film II
First Name TV: Leading Women Drama
Match the Book to the Film VI
3-Word Movies in 1 Word II
Recently Updated
Women's Final Four Teams by Year
bhenderson79
Presidents Quartet II
eogle
Anything But Clue(do)
eogle
Anything But Oceanian Capitals
eogle
Anything But 7
eogle
Anything But Thing
eogle
Word Ladder: February 29
pecheneg
Song Title Questions
pecheneg
Women's NCAA Tournament #1 Seeds
pecheneg
Celebrity Mug Shots
pecheneg
Trending Topics
Kpop
Marvel
Anime
Harry Potter
Crossword
Disney
NBA
Puzzle
The Office
Country
Soccer
Song
WWE
NFL
Pokémon
Your Account Isn't Verified!
In order to create a playlist on Sporcle, you need to verify the email address you used during registration. Go to your
Sporcle Settings
to finish the process.
Report this User
Report this user for behavior that violates our
Community Guidelines
.
Details:
Send Report
Go to the Sporcle.com Mobile Site →
Comments